000 00442pam a2200169 a 4500
020 _a0070111324
040 _cDLC
082 0 0 _a370 MCG 1994 A066 Or.
245 1 0 _aContemporary issues in educational psychology /
250 _a6th ed.
260 _aNew York :
_bMcGraw-Hill,
_cc1994.
300 _axx, 425 p. ;
_c24 cm.
650 0 _aEducational psychology.
700 1 _aCraig, Robert C.
700 1 _aMehrens, William A.
942 _cEK
999 _c14241
_d14241